000 01439cam a2200253 4500
001 ABS66378
008 030117n2003 000 0 eng u
035 _a(Sirsi) u121045
100 _aGossop, C.
245 _aPlanning for major events: the stakes for the host city are high
260 _c2003
490 _aPlanning (for the Natural and Built Environment)
_v(1504) 3 January 2003, 18(1)
520 _aConsiders how planners should deal with major events such as the Olympic games, and highlights the pros and cons for the host city. Advises that successful events should be planned well in advance with sustainability as a key responsibility. Any structures created for a major event should fulfil longer-term needs, such as the main stadium in the Manchester Commonwealth Games that was later reused as a football ground. Discusses the planned Olympic Games in Athens and highlights the benefits to business, tourism, construction and telecommunications. However, questions how the infrastructure will cope and whether the environmental and social impacts will overshadow the predicted economic gains.
590 _aABS
650 _aSustainability
_96271
650 _aPLANNING PROCESS
650 _aATHENS
650 _aInfrastructure
_96246
650 _aENVIRONMENTAL IMPACT
650 _aOLYMPIC GAMES
650 _aEVENTS
690 _aENVIRONMENTAL AND LAND CONSULTANCY-PLANNING AND DEVELOPMENT
942 _n0
999 _c71928
_d71928